000
00296nam a22001337a 4500
003
SGT
082
_a
618.92
_b
R03D
100
_a
DAVID , TIM J.
245
_a
RECENT ADVANCES IN PEDIATRICS -20
260
_a
LONDON
_b
RSM PRESS
_c
2003
300
_a
231
650
_a
PEDIATRICS
942
_2
ddc
_c
BK
999
_c
14685
_d
14685